United States telegraph stamps and franks (Record no. 2520)

000 -LEADER
fixed length control field 00478nam a22000977a 4500
008 - FIXED-LENGTH DATA ELEMENTS--GENERAL INFORMATION
fixed length control field 171016b xxu||||| |||| 00| 0 eng d
100 ## - MAIN ENTRY--AUTHOR'S NAME
Author's Name Kramer, George
245 ## - TITLE STATEMENT
Title United States telegraph stamps and franks
260 ## - PUBLICATION, DISTRIBUTION, ETC. (IMPRINT)
Place of publication, distribution, etc. New York
Name of publisher, distributor, etc. Collectors Club
Date of publication, distribution, etc. 1992
650 ## - TOPICAL TERM (Tag)
Topical term or geographic name United States | Telegraph Issues | Cinderella Material | Telegraph Franks | Production | Essays and Proofs | Control Numbers | Errors and Varieties | Telegrams | Covers | Revenue Cancellations Catalogs and Price Lists
Holdings
Withdrawn status Lost status Source of classification or shelving scheme Damaged status Koha normalized classification for sorting Not for loan Permanent Location Current Location Shelving location Date acquired Total Checkouts Full call number Barcode Date last seen Copy number Price effective from
        G3701 T267 K89   Northern Philatelic Library Northern Philatelic Library General Stacks 10/16/2017   G3701 T267 K89 1002774 10/16/2017 1 10/16/2017

Powered by Koha